The Exodus in the theologies of liberation of Gustavo Gutiérrez and J. Severino Croatto

Saved in:  
Bibliographic Details
Main Author: Bañuelas, Arturo J. (Author)
Format: Print Book
Language:English
Subito Delivery Service: Order now.
Check availability: HBZ Gateway
WorldCat: WorldCat
Interlibrary Loan:Interlibrary Loan for the Fachinformationsdienste (Specialized Information Services in Germany)
Published: 1987
In:Year: 1987
Further subjects:B Exodus tradition
B Old Testament
B Thesis

MARC

LEADER 00000cam a22000002c 4500
001 1088110428
003 DE-627
005 20240425201135.0
007 tu
008 890712s1987 xx ||||| m 00| ||eng c
035 |a (DE-627)1088110428 
035 |a (DE-576)018110428 
035 |a (DE-599)BSZ018110428 
035 |a (OCoLC)311209319 
040 |a DE-627  |b ger  |c DE-627  |e rakwb 
041 |a eng 
084 |a 1  |2 ssgn 
100 1 |0 (DE-627)1235678059  |0 (DE-576)165678054  |4 aut  |a Bañuelas, Arturo J. 
109 |a Bañuelas, Arturo J.  |a Bañuelas, Arturo 
245 1 4 |a The Exodus in the theologies of liberation of Gustavo Gutiérrez and J. Severino Croatto  |c Arturo Bañuelas 
264 1 |c 1987 
300 |a VII, 362 S. 
336 |a Text  |b txt  |2 rdacontent 
337 |a ohne Hilfsmittel zu benutzen  |b n  |2 rdamedia 
338 |a Band  |b nc  |2 rdacarrier 
502 |a Rom, Pontificia Universitas Gregoriana, Diss., 1987 
583 1 |a Archivierung prüfen  |c 20200919  |f DE-640  |z 1  |2 pdager 
583 1 |a Archivierung/Langzeitarchivierung gewährleistet  |f SSG  |x XA-DE-BW  |2 pdager  |5 DE-21 
601 |a Theologe 
601 |a Gutiérrez, Gustavo 
630 0 7 |0 (DE-588)4001515-4  |0 (DE-627)104603666  |0 (DE-576)208843116  |a Bibel  |p Altes Testament  |2 gnd 
650 0 7 |0 (DE-588)4371723-8  |0 (DE-627)183787382  |0 (DE-576)211567671  |a Exodustradition  |2 gnd 
655 7 |a Hochschulschrift  |0 (DE-588)4113937-9  |0 (DE-627)105825778  |0 (DE-576)209480580  |2 gnd-content 
935 |a mteo 
951 |a BO 
ELC |b 1 
ITA |a 1  |t 1 
LOK |0 000 xxxxxcx a22 zn 4500 
LOK |0 001 2131973330 
LOK |0 003 DE-627 
LOK |0 004 1088110428 
LOK |0 005 20100225170458 
LOK |0 008 890712||||||||||||||||ger||||||| 
LOK |0 040   |a DE-21  |c DE-627  |d DE-21 
LOK |0 852   |a DE-21 
LOK |0 852 1  |c US 87.4600  |9 00 
LOK |0 935   |a theo  |a sepp 
LOK |0 939   |a 12-07-89  |b l01 
ORI |a SA-MARC-ixtheoa001.raw 
STA 0 0 |a Exodus tradition,Exodus from Egypt 
STB 0 0 |a Tradition de l'exode 
STC 0 0 |a Tradición del éxodo 
STD 0 0 |a Tradizione dell'esodo 
STE 0 0 |a 出埃及记传统 
STF 0 0 |a 出埃及記傳統 
STG 0 0 |a Tradição do êxodo 
STH 0 0 |a Традиция исхода 
STI 0 0 |a Παράδοση της Εξόδου 
SYD 0 0 |a Hebrew Bible, critical edition,HBCE,Oxford Hebrew Bible,Biblia Hebraica quinta,BHQ,Biblia Hebraica,Biblia Hebraica,Hebräische Bibel,Masoretentext,Massoretentext,Masoretischer Text,Septuaginta,Septuagint,Altes Testament,Tenach,Testamentum vetus,Vetus testamentum,Erstes Testament,L'Ancien Testament,The Old Testament,Jüdische Bibel,Tanach,Tanakh,Tenakh,Miqra,al-ʿAhd al-ʿatīq,Torah neviʾim ketuvim,Torah neviʾim u-ketuvim,Sefer Torah neviʾim ketuvim,Tôrā nĕvîʾîm û-ḵtûvîm,Die Israelitische Bibel,The Hebrew Bible,Kyûyaku Seisho,Tèstamènt bieu,Antiguo Testamento,Nnom Elat,Bible,O.T.,Bible,Old Testament,תנ"ך,תנך